000 01226nam a2200337 a 4500
001 77640
003 BD-RjUL
005 20211209083015.0
008 201215s1962 enkch b 000 0 eng
035 _a62-04511
035 _a(BD-RjUL)77866
040 _aDLC
_cWSU
_dSER
_dm.c
_dOCL
_dCDC
_dBD-RjUL
_beng
041 _aeng
082 _223
_a822.33
_bSHL 1962
100 1 _aShakespeare, William,
_d1564-1616.
_9242584
245 1 0 _aLove's labour's lost /
_cWilliam Shakespeare; John Dover Wilson.
250 _a2nd ed.
260 _aCambridge :
_bUniversity Press,
_c1962
300 _alviii, 213 p. :
_bill. ;
_c19 cm.
490 1 _aThe works of Shakespeare edited for the Syndics of the Cambridge University Press by John Dover Wilson.
490 1 _aThe New Shakespeare
504 _aBibliographical references included in "Notes" (p. [136]-189)
650 _aNavarre (Kingdom)
_9242585
650 _aDram
_954011
700 1 _aWilson, John Dover,
_d1881-1969.
_9242589
830 _aThe works of Shakespeare edited for the Syndics of the Cambridge University Press by John Dover Wilson.
_9242590
830 _aThe New Shakespeare
_9242591
942 _2ddc
_cBK
999 _c77640
_d77640